Focus (Record no. 83043)
[ view plain ]
| 000 -LEADER | |
|---|---|
| fixed length control field | 01042cab a22002415a 4500 |
| 001 - CONTROL NUMBER | |
| control field | L152633 |
| 008 - FIXED-LENGTH DATA ELEMENTS--GENERAL INFORMATION | |
| fixed length control field | 110406e20110402xxk 000 0 eng d |
| 035 ## - SYSTEM CONTROL NUMBER | |
| System control number | (Sirsi) u152633 |
| 041 0# - LANGUAGE CODE | |
| Language code of text/sound track or separate title | eng |
| 100 1# - MAIN ENTRY--PERSONAL NAME | |
| Personal name | Buckley, James |
| 245 00 - TITLE STATEMENT | |
| Title | Focus |
| Remainder of title | London and Midtown |
| 260 ## - PUBLICATION, DISTRIBUTION, ETC. | |
| Date of publication, distribution, etc. | 2011 |
| 490 ## - SERIES STATEMENT | |
| Series statement | Estates Gazette |
| Volume/sequential designation | (1113) 2 April 2011, 83-95(10) |
| 520 ## - SUMMARY, ETC. | |
| Summary, etc. | Reviews six development schemes currently underway in April 2011 in London Midtown which should help to alleviate shortage of new space as demand increases rapidly. Diverse range of occupiers currently dominated by media companies. Assesses impact of the completion of Crossrail in 2018 will have on the Farringdon property market. Covent Garden and reviews office take up, availability, rents and Zone A retail retails rents. |
| 590 ## - LOCAL NOTE (RLIN) | |
| Local note | KA |
| 651 #4 - SUBJECT ADDED ENTRY--GEOGRAPHIC NAME | |
| Geographic name | London |
| 690 ## - LOCAL SUBJECT ADDED ENTRY--TOPICAL TERM (OCLC, RLIN) | |
| Topical term or geographic name as entry element | PROPERTY-COMMERCIAL PROPERTY-COMMERCIAL PROPERTY MARKET |
| 700 1# - ADDED ENTRY--PERSONAL NAME | |
| Personal name | Simmons, Mark |
| 700 1# - ADDED ENTRY--PERSONAL NAME | |
| Personal name | Robson, Claire |
| 700 1# - ADDED ENTRY--PERSONAL NAME | |
| Personal name | Dixon, Annabel |
| 700 1# - ADDED ENTRY--PERSONAL NAME | |
| Personal name | Cunningham, Daniel |
| 942 ## - ADDED ENTRY ELEMENTS (KOHA) | |
| Suppress in OPAC | 0 |
| Withdrawn status | Lost status | Source of classification or shelving scheme | Damaged status | Not for loan | Home library | Current library | Shelving location | Date acquired | Total Checkouts | Full call number | Barcode | Date last seen | Copy number | Price effective from | Koha item type |
|---|---|---|---|---|---|---|---|---|---|---|---|---|---|---|---|
| Dewey Decimal Classification | London | London | Journal article | 06/04/2011 | L152633 | 152633-1001 | 06/08/2019 | 1 | 06/08/2019 | Journal article |